000 00620nam a22001817a 4500
003 OSt
005 20240903144420.0
008 240903b ||||| |||| 00| 0 eng d
040 _cAIMIT LIBRARY
100 _aRaj, Parikshith.
_e2216123
_9178584
245 _aCustomer satisfaction towards KMF products /
_cBy Parikshith Raj ; Guided by Divya Pereira.
260 _aMangalore ;
_c2024.
650 _aResearch review
_9178585
650 _aResearch hypothesis
_9178586
650 _aScope of the study
_9178587
856 _3Dakshina Kannada Co-operative Milk Producers Union Limited.
_ywww.dkmul.com
942 _2ddc
_cPRO
999 _c231716
_d231716